书目信息 |
| 题名: |
橡胶加工设备与模具
|
|
| 作者: | 刘希春 , 刘巨源 主编 | |
| 分册: | ||
| 出版信息: | 北京 化学工业出版社 2014.01 |
|
| 页数: | 359页 | |
| 开本: | 26cm | |
| 丛书名: | ||
| 单 册: | ||
| 中图分类: | TQ330.4 | |
| 科图分类: | ||
| 主题词: | 橡胶加工--化工设备--高等教育--教材 , 橡胶加工--模具--高等教育--教材 , 橡胶加工 , 化工设备 , 模具 | |
| 电子资源: | ||
| ISBN: | 978-7-122-18465-8 | |
| 000 | 01101nam0 2200325 450 | |
| 001 | 0120141210940 | |
| 005 | 20140611151148.21 | |
| 010 | @a978-7-122-18465-8@dCNY42.00 | |
| 100 | @a20140113d2014 em y0chiy0110 ea | |
| 101 | 0 | @achi |
| 102 | @aCN@b110000 | |
| 105 | @aak z 000yy | |
| 106 | @ar | |
| 200 | 1 | @a橡胶加工设备与模具@9xiang jiao jia gong she bei yu mo ju@f刘希春,刘巨源主编 |
| 205 | @a2版 | |
| 210 | @a北京@c化学工业出版社@d2014.01 | |
| 215 | @a359页@c图@d26cm | |
| 300 | @a普通高等教育“十一五”国家级规划教材(高职高专教材) | |
| 330 | @a本书主要介绍了橡胶加工设备的用途、种类、性能特点、规格、结构、传动、工作原理、性能参数、安全操作与维护保养和橡胶模具的结构组成、种类、设计要求、收缩率与型腔尺寸等内容。 | |
| 333 | @a高职 | |
| 606 | 0 | @a橡胶加工@x化工设备@x高等教育@j教材 |
| 606 | 0 | @a橡胶加工@x模具@x高等教育@j教材 |
| 606 | 0 | @a橡胶加工 |
| 606 | 0 | @a化工设备 |
| 606 | 0 | @a模具 |
| 690 | @aTQ330.4@v5 | |
| 701 | 0 | @a刘希春@9liu xi chun@4主编 |
| 701 | 0 | @a刘巨源@9liu ju yuan@4主编 |
| 801 | 0 | @aCN@b人天书店@c20140113 |
| 905 | @b549365-67@dTQ330.4@e10=2@f3 | |
| 橡胶加工设备与模具/刘希春,刘巨源主编.-2版.-北京:化学工业出版社,2014.01 |
| 359页:图;26cm |
| 普通高等教育“十一五”国家级规划教材(高职高专教材).-使用对象:高职 |
| ISBN 978-7-122-18465-8:CNY42.00 |
| 本书主要介绍了橡胶加工设备的用途、种类、性能特点、规格、结构、传动、工作原理、性能参数、安全操作与维护保养和橡胶模具的结构组成、种类、设计要求、收缩率与型腔尺寸等内容。 |
| ● |
| 相关链接 |
|
|
|
|
正题名:橡胶加工设备与模具
索取号:TQ330.4/10=2
 
预约/预借
| 序号 | 登录号 | 条形码 | 馆藏地/架位号 | 状态 | 备注 |
| 1 | 549365 | 205493651 | 第二样本阅览室/ [索取号:TQ330.4/10=2] | 在馆 | |
| 2 | 549366 | 205493660 | 第三借阅区/ [索取号:TQ330.4/10=2] | 在馆 | |
| 3 | 549367 | 205493679 | 密集书库-化学系/ [索取号:TQ330.4/10=2] | 在馆 |